000 01035nac a22002897a 4500
001 BR8705862
003 BR-BrBNA
005 20240105120553.0
008 230509b bl.|||m| |||| 00| 0 por d
040 _aBR-BrBNA
_bpor
_cBiblioteca Nacional de Agricultura
072 _aF08
090 _a0150 BR8705862
100 1 _aGianluppi, V.
100 1 _aPerin, R.
110 1 _aUnidade de Execucao de Pesquisa de Ambito Territorial de Boa Vista, RR (Brasil)
_910391
245 1 _aSistema de producao sequencial de arroz com forrageiras em solos de cerrado de Roraima 4. Braquiaria e quicuio da Amazonia
260 3 _aBoa Vista, RR (Brasil):
_c1985.
300 _a4 p.
490 _aPesquisa em Andamento - Unidade de Execucao de Pesquisa de Ambito Territorial de Boa Vista (Brazil)
_vno. 10
_xISSN 0101-8639
650 _aARROZ
650 _aCAPIM BRACHIARIA
650 _aCAPIM QUICUIO
650 _aCONSORCIACAO DE CULTURA
650 _aRORAIMA
909 _a202312
_bLúcia Elande
_c55
_dLúcia Elande
942 _2AGRIS
_n0
_cMS
999 _c280224
_d280224